00539nam a2200169Ia 4500008004100000020001600041041001200057082001100069100001600080245004400096250000800140260002500148650000700173942000700180999001500187952016700202221030s9999 xx 000 0 und d a08769229910 aEnglish a105.23 aJ. D. Ryder 0aNetworks Lines & Fieldscby J. D. Ryder a2nd bPHIaNew Delhic1988 aEE cBK c6087d6087 pBE 9933g52.00l0o105.23 r2024-06-13 00:00:00w2022-10-30yBK003Print4070aMIETLIBbMIETLIBcBL-Academic Block A, FL-1, CUP-33, SH-2, R-2d2009-03-1010HBE